000 00541nam a22001817a 4500
999 _c177230
_d177230
005 20210215163001.0
010 _aENG-128974
020 _c350.00
_a978-93-86473-90-5
035 _aEN-112506
037 _bDBAD/PUB
082 _aN
100 _aPrasad, Shubira
245 _aThe Demons of Jaitraya/
_cShubira Prasad
260 _aNew Delhi
_bVitasta Publishing Pvt. Ltd.
_c2020
270 _bNew Delhi
_a2/15, Ansari Roaad, Daryaganj
_e110002
_minfo@vitastapublishing.com
300 _axviii+325p.
_c20cm(pbk)
942 _2ddc
_cEN
_hN
_mPRA